00949 2200349 4500001002100000005001700021008004100038020002200079035002400101040001200125082001600137084001800153100001900171245006800190250001100258260003800269300002900307440002900336500002600365650001600391850001200407990001800419990001800437990001800455990001800473990001800491990001800509990001800527990001800545990001800563990001800581INLIS00000000002190220160810094813.0  a978-602-268-050-5 0010-081600000000259 aYOPDYOG 223a297.642 a297.642 Kar K aKARTIKA ISRARI aKhadijah binti Khuwalid membela rasulullah naga, jiwa dan harta aCet. 1 aJakartabLuxima Metro Mediac2015 a86 hlmb; Ilus.c; 23 cm aseri teladan anak muslim aBibliografi : hlm. 86 aIsteri Nabi aYOPDYOG a10149-KS/B.16 a10150-KS/B.16 a10151-KS/B.16 a10152-KS/B.16 a10153-KS/B.16 a10154-KS/B.16 a10155-KS/B.16 a10156-KS/B.16 a10157-KS/B.16 a10158-KS/B.16